|
|
|
|
| LEADER |
00000cam a2200000 7i4500 |
| 001 |
0000016365 |
| 005 |
20220707.0 |
| 020 |
|
|
|a 9832620384
|
| 040 |
|
|
|a INS
|
| 090 |
0 |
0 |
|a HB74.9.M4
|b O86 2004
|
| 100 |
0 |
|
|a Osman Rani Hassan
|
| 245 |
1 |
0 |
|a Economic and business research for Malaysian student
|c H. Osmani-Rani
|
| 260 |
|
|
|a Tanjong Malim :
|b Universiti Pendidikan Sultan Idris ,
|c 2004
|
| 300 |
|
|
|a 371p. :
|b ill. ;
|c 23cm.
|
| 504 |
|
|
|a Includes bibliographical references and index
|
| 650 |
0 |
0 |
|a Research
|x methodology
|
| 651 |
|
0 |
|a Malaysia Economics conditions
|
| 999 |
|
|
|a 0000016542
|b BOOK
|c Open Shelf
|e Default branch
|